| 000 | 00457nam a2200169Ia 4500 | ||
|---|---|---|---|
| 008 | 230524s9999 xx 000 0 und d | ||
| 082 |
_a4.6 _bOGU |
||
| 100 | _aThomas C.O'Guinn | ||
| 245 | 0 | _aAdvertising Management With Integrated Brand Promotion | |
| 250 | _aIST | ||
| 260 |
_aNEW DELHI _bCengage _c2009 |
||
| 300 | _aX;639 | ||
| 500 | _aQuantity Number: 2 | ||
| 650 | _aManagement | ||
| 700 | _a" Chris T.Allen, Richard J.Semenik,,," | ||
| 942 | _cBK | ||
| 999 |
_c46558 _d46558 |
||